000 00668cam a2200253 4500500
005 20260405003658.0
041 _afre
042 _adc
100 1 0 _aDurand, Jean-Marie
_eauthor
245 0 0 _aLe Passager
260 _c2023.
500 _a7
690 _aAbysses
690 _aBombe
690 _aCorps
690 _aEnquête
690 _aHistoire
690 _aMathématiques
690 _aMétaphysique
690 _aPlongée
690 _aroman
786 0 _nPhilosophie magazine | 168 | 4 | 2023-04-01 | p. 63-63 | 1951-1787
856 4 1 _uhttps://shs.cairn.info/magazine-philosophie-magazine-2023-4-page-63?lang=fr&redirect-ssocas=7080
999 _c2069809
_d2069809